MDQL
is popping MORE tags! Check the
thread
!
Quizzes
Events
Quiz Creation
Community
Videos
Private Events
Remove Ads
Sign In
Join for FREE
Feedback
Dark Mode
Quiz Categories
Sports
Geography
Music
Movies
Television
Just For Fun
Miscellaneous
History
Literature
Language
Science
Gaming
Entertainment
Religion
Holiday
For Kids
Quiz Lab
Recent
Popular Today
Quiz Kudos Today
Editor Picks
Curator Picks
Quizzes by...
Day
Popularity
Type
Ratings
Length
Year
Community
Subscriptions
Recent Discussions
Orange Saloon
Badges
Playlists
Quests
Create
Leaderboards
Showdown
Live 5
Trivia Bingo
Activity
Puzzle Library
Sporcle Events
Private Events
Virtual Trivia
Globe League
Become a Host
Pub Owners
SporcleCon
Opinionation
Our Games
Videos
Blog
Mobile Apps
Partnerships
Remove Ads and Go Orange
Feedback
Music
Pop Music
The Beatles
Song
Album
Lyrics
Bands
Singers
Artist
Clip
Rock
Rap
Classical
Billboard
Country Music
Kpop
Taylor Swift
Music
Pop Music
The Beatles
Song
Album
Lyrics
Bands
Singers
Artist
Clip
Rock
Rap
Classical
Billboard
Country Music
Kpop
Taylor Swift
Random Quiz
Search Sporcle
×
Quiz Lab
Quiz Lab
Music
last
Type in answers that appear in a list
Type in answers that appear in a list
Classic
Best Score? Go Orange.
The Last Goodbye Lyrics by Billy Boyd Stats
Can you name the The Last Goodbye Lyrics by Billy Boyd?
By
Uzumaki_Kyoko
16m
227 Questions
166 Plays
166 Plays
166 Plays
Comments
Comments
Give Quiz Kudos
Give Quiz Kudos
-
- Ratings
hide this ad
More Info
Wrong Answers
Some wrong answers will appear in red
Some wrong answers will appear in red
Replay
Link that replays current quiz
Next Quiz
Link to next quiz in quiz playlist
You Got
0%
They Got
Avg Score
88%
Avg Friend Score
Upgrade to see
Score Distribution
Jump to the score distribution portion of the page
Score
0/227
Timer
16:00
0
Plays Today
% Correct
???
98.8%
???
98.8%
???
98.8%
???
98.8%
???
98.8%
???
98.8%
???
98.8%
???
98.8%
???
98.8%
???
98.2%
???
98.2%
???
98.2%
???
98.2%
???
98.2%
???
98.2%
???
98.2%
???
98.2%
???
98.2%
???
98.2%
???
98.2%
???
98.2%
???
98.2%
???
98.2%
???
98.2%
???
98.2%
???
98.2%
???
98.2%
???
98.2%
???
97%
???
97%
???
96.4%
???
95.8%
???
95.8%
???
95.2%
???
95.2%
???
95.2%
???
95.2%
???
95.2%
???
95.2%
???
95.2%
???
94.6%
???
94.6%
???
94.6%
???
94.6%
???
94.6%
???
94.6%
???
94.6%
???
94.6%
???
94.6%
???
94.6%
???
94.6%
???
94.6%
???
94.6%
???
94.6%
???
94.6%
???
94%
???
94%
???
94%
???
94%
???
94%
???
94%
???
94%
???
94%
???
94%
???
94%
???
94%
???
94%
???
94%
???
93.4%
???
93.4%
???
92.8%
???
92.8%
???
92.8%
???
92.8%
???
92.8%
???
92.8%
% Correct
???
92.8%
???
92.8%
???
92.8%
???
92.8%
???
92.2%
???
92.2%
???
92.2%
???
92.2%
???
92.2%
???
92.2%
???
92.2%
???
92.2%
???
92.2%
???
92.2%
???
92.2%
???
92.2%
???
92.2%
???
92.2%
???
92.2%
???
92.2%
???
92.2%
???
92.2%
???
91.6%
???
91.6%
???
91%
???
91%
???
91%
???
91%
???
91%
???
91%
???
91%
???
91%
???
90.4%
???
90.4%
???
90.4%
???
90.4%
???
90.4%
???
90.4%
???
90.4%
???
90.4%
???
89.8%
???
89.8%
???
89.8%
???
89.8%
???
89.8%
???
89.8%
???
89.8%
???
89.8%
???
89.8%
???
89.8%
???
89.8%
???
89.8%
???
89.2%
???
89.2%
???
89.2%
???
89.2%
???
88.6%
???
88.6%
???
88.6%
???
88.6%
???
88.6%
???
88.6%
???
88.6%
???
88.6%
???
88.6%
???
88.6%
???
88.6%
???
88%
???
88%
???
87.3%
???
87.3%
???
86.7%
???
86.7%
???
86.1%
???
85.5%
???
85.5%
% Correct
???
85.5%
???
84.9%
???
84.9%
???
84.9%
???
84.9%
???
84.9%
???
84.9%
???
84.9%
???
84.9%
???
84.9%
???
84.9%
???
84.9%
???
84.9%
???
84.9%
???
84.3%
???
84.3%
???
84.3%
???
84.3%
???
84.3%
???
84.3%
???
84.3%
???
83.7%
???
83.7%
???
83.7%
???
83.7%
???
83.1%
???
83.1%
???
83.1%
???
83.1%
???
83.1%
???
83.1%
???
83.1%
???
83.1%
???
82.5%
???
81.9%
???
81.9%
???
81.9%
???
81.3%
???
81.3%
???
81.3%
???
81.3%
???
81.3%
???
81.3%
???
80.1%
???
78.3%
???
78.3%
???
78.3%
???
78.3%
???
77.7%
???
77.7%
???
77.7%
???
77.7%
???
77.1%
???
77.1%
???
76.5%
???
76.5%
???
76.5%
???
74.7%
???
73.5%
???
73.5%
???
72.9%
???
72.9%
???
72.9%
???
72.3%
???
72.3%
???
71.1%
???
70.5%
???
70.5%
???
70.5%
???
67.5%
???
65.7%
???
65.7%
???
65.7%
???
61.4%
???
41%
Quiz Playlist
Details
Report
Send in Message
Add To Playlist
More Info:
Press Play to begin the game.
Classic:
Type in answers that appear in a list
Wrong Answers:
Some wrong answers will appear in red
Last Updated: Feb 16, 2017
Quiz Scoreboard
CHALLENGE
Sign Up to Join the Scoreboard
Show All
Scores
Hide
Comments
May contain spoilers
Recently Published
Colored Red Africa Blitz
by spor1
Geography
30s
Find the 'City' Movie
by crazypaving
Movies
60s
5x2 Blitz: Bands
by SL_Kpop136
Music
30s
More to Explore
Quiz From the Vault
Featured Blog Post
14 Easter Pick-up Lines to Find Eggs With
hide this ad
You Might Also Like...
Tags
Billy
Goodbye
last
Today's Top Quizzes in Music
Browse Music
hide this ad
Today's Top Quizzes in last
Browse last
Top Contributed Quizzes in Music
1
5X2 Blitz: Bands II
2
Taylor Swift All Songs (2024)
3
Taylor Swift Logic Puzzle II
4
5X2 Blitz: The Beatles
5
5X2 Blitz: Billboard
6
Taylor Swift Logic Puzzle
7
5X2 Blitz: Billboard II
8
5X2 Blitz: Album
9
5X2 Blitz: Singers
10
Music Artist by Three 2010s hits
Explore More
Trending Topics
Harry Potter
Anime
Crossword
Disney
Kpop
NBA
Marvel
Song
Pokémon
The Office
Country
WWE
NFL
Soccer
Puzzle
hide this ad
More By:
Uzumaki_Kyoko
Quiz
Plays
Rating
Category
Featured
Created
The Last Goodbye Lyrics by Billy Boyd
166
2.75
Music
Apr 6, 2015
Name the Bleach Captains and Vice Captains
111
3.00
Entertainment
Jan 2, 2016
I See Fire (Lyrics)
80
5.00
Music
Apr 6, 2015
Gollum's Song Lyrics
38
5.00
Music
Apr 9, 2015
Go to Creator's Profile
Score Distribution
Quiz Creator Spotlight
Uzumaki_Kyoko
Follow
Send a Message
Quizzes Created
-
Created Quiz Play Count
-
More By This Creator
Popular Quizzes Today
1
Find the 'City' Movie
2
Colored Red Africa Blitz
3
Find the US States - No Outlines Minefield
4
5x2 Blitz: Bands
5
The Countries of the World
6
Find the US States
7
US States
8
9x9 Crossword: Cartoon Network
More Music Quizzes
Name 75 Popular Kpop Idols (Pictures)
Quiz Lab
Trending Quizzes
Colored Red Europe Blitz I
Colored Red Africa Blitz II
Colored Red Europe Blitz II
Colored Red Africa Blitz III
Colored Red Europe Blitz III
Recently Updated
2024 March Madness Bracket
pecheneg
Famous TV Couples
Peacemaker
Champions League XIs: Real Madrid
pecheneg
Largest US Cities 1790-2010
pecheneg
Rides in Walt Disney World
pecheneg
Most Oscar Losses (Acting)
pecheneg
Beyoncé Albums
pecheneg
Leaping Animals
pecheneg
Reality TV Shows (A-Z)
bhenderson79
Rickey Henderson's Hall of Fame Teammates
pecheneg
Trending Topics
Kpop
Disney
Harry Potter
Crossword
Anime
NBA
Marvel
Soccer
NFL
Country
Song
The Office
Puzzle
WWE
Pokémon
Your Account Isn't Verified!
In order to create a playlist on Sporcle, you need to verify the email address you used during registration. Go to your
Sporcle Settings
to finish the process.
Report this User
Report this user for behavior that violates our
Community Guidelines
.
Details:
Send Report
Go to the Sporcle.com Mobile Site →
Comments